Jurisprudencia rabínica en Marruecos (Record no. 182358)

MARC details
000 -LEADER
campo de control de longitud fija 00601nam a2200193 i 4500
001 - NÚMERO DE CONTROL
campo de control 182358
003 - IDENTIFICADOR DE NÚMERO DE CONTROL
campo de control ES-MaACL
005 - FECHA Y HORA DE LA ÚLTIMA TRANSACCIÓN
campo de control 20230906221605.0
008 - DATOS DE LONGITUD FIJA--INFORMACIÓN GENERAL
campo de control de longitud fija 130806s1973 sp |||| | spa d
020 ## - NÚMERO INTERNACIONAL ESTÁNDAR DEL LIBRO
Número Internacional Estándar del Libro 84-400-6335-0
080 ## - NÚMERO DE LA CLASIFICACIÓN DECIMAL UNIVERSAL
Número de la Clasificación Decimal Universal 347.25(=924:64)(091)
100 1# - ENTRADA PRINCIPAL--NOMBRE DE PERSONA
Nombre de persona Ruiz de Cuevas, Teodoro.
9 (RLIN) 153175
245 10 - MENCIÓN DEL TÍTULO
Título Jurisprudencia rabínica en Marruecos
Resto del título : (la "Hazzaká") /
Mención de responsabilidad, etc. Teodoro Ruiz de Cuevas.
250 ## - MENCION DE EDICION
Mención de edición 2ª ed.
260 ## - PUBLICACIÓN, DISTRIBUCIÓN, ETC.
Lugar de publicación, distribución, etc. Madrid :
Nombre del editor, distribuidor, etc. Imnasa,
Fecha de publicación, distribución, etc. 1973.
300 ## - DESCRIPCIÓN FÍSICA
Extensión 44 p. ;
Dimensiones 22 cm.
650 #4 - PUNTO DE ACCESO ADICIONAL DE MATERIA--TÉRMINO DE MATERIA
Término de materia o nombre geográfico como elemento de entrada Posesión (Derecho)-
Subdivisión geográfica Marruecos-
Subdivisión de forma Historia.
9 (RLIN) 153176
852 ## - LOCALIZACIÓN
Ubicación ES-MaACL
Número de control de estantería 2319-F-18
Holdings
Estatus retirado Estado de pérdida Estado de daño No para préstamo Colección Biblioteca de origen Biblioteca actual Ubicación en estantería Fecha de adquisición Fuente de adquisición Total de préstamos Signatura topográfica completa Código de barras Visto por última vez Precio de reemplazo Tipo de ítem Koha
        Colección de folletos Biblioteca del Ateneo de Madrid Biblioteca del Ateneo de Madrid Depósito folletos 06/08/2013     2319-F-18 1191636 23/02/2023 23/02/2023 Folleto